000 00550nam a2200181Ia 4500
003 GCL
008 140319s9999 xx 000 0 ara d
040 _aGCL /
_cGCL
082 0 4 _a301.2
_bم ت
100 1 _aمحمد يسرى ابراهيم دعبس
245 1 0 _aالتلوث الاجتماعى والثقافى والوقاية منه /
_cمحمد يسرى ابراهيم دعبس
300 _a91 ص
490 _aكتاب
_v0
650 0 4 _aالتلوث
650 0 4 _aالثقافة
650 0 4 _aالاجتماع، علم
942 _2ddc
_cBK
999 _c42248
_d42248